MARC

Tag First Indicator Second Indicator Subfields
LEADER 00000cam a2200000 a 4500
001 in00002479331
005 20220203184442.7
008 080110s2008 okuab b s000 0 eng
010 |a  2008000922 
020 |a 9780806139517 (hbk. : alk. paper) 
020 |a 080613951X (hbk. : alk. paper) 
035 |a (OCoLC)ocn190843417 
035 |a (OCoLC)190843417 
040 |a DLC  |c DLC  |d BTCTA  |d YDXCP  |d C#P  |d BWX  |d UtOrBLW 
043 |a n-us--- 
049 |a TXAM 
050 0 0 |a D769.8.A6  |b S75 2008 
082 0 0 |a 940.53/1773  |2 22 
100 1 |a Stewart, Todd,  |d 1963- 
245 1 0 |a Placing memory :  |b a photographic exploration of Japanese American internment /  |c Todd Stewart ; essays by Natasha Egan and Karen J. Leong ; afterword by John Tateishi. 
264 1 |a Norman :  |b University of Oklahoma Press,  |c [2008] 
264 4 |c ©2008 
300 |a 125 pages :  |b illustrations (some color), maps ;  |c 24 x 32 cm. 
336 |a text  |b txt  |2 rdacontent 
337 |a unmediated  |b n  |2 rdamedia 
338 |a volume  |b nc  |2 rdacarrier 
490 1 |a The Charles M. Russell Center series on art and photography of the American West ;  |v v. 3 
504 |a Includes bibliographical references. 
650 0 |a Japanese Americans  |x Forced removal and internment, 1942-1945. 
650 0 |a Japanese Americans  |x Forced removal and internment, 1942-1945  |v Pictorial works. 
650 0 |a World War, 1939-1945  |x Concentration camps  |z United States. 
650 0 |a World War, 1939-1945  |x Concentration camps  |z United States  |v Pictorial works. 
700 1 |a Egan, Natasha. 
700 1 |a Leong, Karen J.,  |d 1968- 
830 0 |a Charles M. Russell Center series on art and photography of the American West ;  |v v. 3. 
938 |a Baker and Taylor  |b BTCP  |n BK0007786957 
938 |a Baker & Taylor  |b BKTY  |c 34.95  |d 26.21  |i 080613951X  |n 0007786957  |s active 
938 |a YBP Library Services  |b YANK  |n 2848449 
938 |a Blackwell Book Service  |b BBUS  |n R3751605  |c $34.95 
945 |a PromptCat  |b 602103 
946 |a stk 
947 |a A14837416831 
994 |a 92  |b TXA 
948 |a cataloged  |b h  |c 2009/1/22  |d c  |e jlanham  |f 2:40:09 pm 
999 |a MARS 
999 f f |s 606fe3c2-0e86-3cc9-b7da-471139cc413c  |i f7c4402c-ff58-3771-89a7-a5daa18dc949  |t 0 
952 f f |p normal  |a Texas A&M University  |b College Station  |c Sterling C. Evans Library  |d Evans: Library Stacks  |t 0  |e D769.8.A6 S75 2008  |h Library of Congress classification  |i unmediated -- volume  |m A14837416831 
998 f f |a D769.8.A6 S75 2008  |t 0  |l Evans: Library Stacks